Gracias por el fuego
I tiakina i:
| Kaituhi matua: | |
|---|---|
| Hōputu: | Pukapuka |
| Reo: | Pāniora |
| I whakaputaina: |
Buenos Aires
Alfaguara
2007
|
| Putanga: | 1a. ed |
| Ngā marau: | |
| Ngā Tūtohu: |
Tāpirihia he Tūtohu
Kāore He Tūtohu, Me noho koe te mea tuatahi ki te tūtohu i tēnei pūkete!
|
MARC
| LEADER | 00000nam a2200000 a 4500 | ||
|---|---|---|---|
| 001 | UCH5728 | ||
| 003 | CL-VaPUC | ||
| 008 | 091015e20070700AG |||||||||||||||||spa|d | ||
| 020 | |a 9789870407225 | ||
| 082 | 0 | 4 | |a Ur863 |b BEN |2 21 |
| 100 | 0 | |a Benedetti, Mario |e author |9 518246 | |
| 245 | 1 | 0 | |a Gracias por el fuego |
| 250 | |a 1a. ed | ||
| 300 | |a 335 p | ||
| 942 | |c BK | ||
| 945 | |d 20091015 00:00:00 |a dcastane | ||
| 260 | |a Buenos Aires |b Alfaguara |c 2007 | ||
| 650 | 0 | |a Novelas uruguayas |9 317140 | |
| 650 | 0 | |a Literatura uruguaya |9 342815 | |
| 650 | 0 | |a Realismo |9 259117 | |
| 583 | |a last modification |c 20091015 00:00:00 |k Rodrigo Vera | ||
| 999 | |c 336802 |d 336800 | ||
| 952 | |0 0 |1 0 |4 0 |6 UR_863_000000000000000_BEN_2007 |7 0 |8 A |9 428740 |a BIBEDU |b BIBEDU |d 2019-11-22 |i 4608585 |o Ur863 BEN 2007 |p 4608585 |r 2019-11-22 |w 2019-11-22 |y BK |k EBA | ||